| 000 | 00489nam a2200169Ia 4500 | ||
|---|---|---|---|
| 003 | GCL | ||
| 008 | 140319s9999 xx 000 0 eng d | ||
| 040 |
_aGCL / _cGCL |
||
| 082 | 0 | 4 |
_a338.5442 _bN I |
| 100 | 1 | _aNEWDORE, PEUL | |
| 245 | 1 | 0 |
_aINTRODUCTORY BUSINESS AND ECONOMIC FORECASTING / _cNEWDORE, PEUL |
| 700 | 1 | _aBOS, THEODOERE | |
| 260 |
_a[S.N] : _bINTERNATIONAL THMSON PUBLISHING ، _c1994 |
||
| 650 | 0 | 4 | _aSTATISTICAL METHODS |
| 650 | 0 | 4 | _aBUSINESS FORECASTING |
| 942 |
_2ddc _cBK |
||
| 999 |
_c24602 _d24602 |
||